000 00636cam a22002173a 4500
001 38977
003 PGUSA
005 20140828083848.0
008 120225s2012||||xxu|||||s|||||000 | eng d
040 _aPGUSA
_beng
042 _adc
100 1 _aNesbit, E.
_q(Edith),
_d1858-1924
245 1 0 _aWings and the Child; Or, The Building of Magic Cities
_h[electronic resource] /
_cE. Nesbit
260 _bProject Gutenberg,
_c2012
506 _aPublic domain in the USA.
516 _aElectronic text
700 1 _aBarraud, George
830 0 _aProject Gutenberg
_v38977
856 4 0 _uhttp://www.gutenberg.org/ebooks/38977
942 _cEB
999 _c268230
_d268230